東急バスの行先 - Statistics

General Stats
  • This quiz has been taken 156 times
    155 since last reset
  • The average score is 41 of 133
Answer Stats
自治体名 行先 % Correct
渋谷区 渋谷駅
92%
世田谷区 二子玉川駅
72%
横浜市 綱島駅
65%
港区 品川駅
63%
品川区 大井町駅
61%
横浜市 あざみ野駅
61%
横浜市 新横浜駅
60%
横浜市 たまプラーザ駅
60%
横浜市 日吉駅
59%
大田区 大森駅
58%
大田区 蒲田駅
58%
品川区 五反田駅
57%
大田区 田園調布駅
57%
世田谷区 成城学園前駅
57%
世田谷区 等々力
57%
横浜市 青葉台駅
57%
横浜市 市が尾駅
55%
川崎市 鷺沼駅
54%
世田谷区 三軒茶屋
53%
目黒区 目黒駅前
52%
世田谷区 用賀駅
52%
渋谷区 恵比寿駅
51%
目黒区 自由が丘駅
50%
目黒区 中目黒駅
48%
横浜市 江田駅
48%
横浜市 藤が丘駅
48%
大田区 多摩川駅
47%
中央区 東京駅南口
46%
目黒区 清水
46%
川崎市 宮崎台駅
46%
川崎市 宮前平駅
46%
横浜市 センター北駅
46%
横浜市 センター南駅
45%
川崎市 小杉駅前
43%
世田谷区 弦巻営業所
41%
川崎市 川崎駅ラゾーナ広場
40%
川崎市 梶が谷駅
40%
世田谷区 千歳船橋
39%
渋谷区 渋谷駅東口
38%
世田谷区 祖師ヶ谷大蔵駅
38%
川崎市 高津営業所
38%
川崎市 新百合ヶ丘駅
38%
川崎市 虹が丘営業所
38%
横浜市 中山駅北口
34%
川崎市 小杉駅東口
33%
川崎市 溝口駅
33%
川崎市 溝の口駅南口
32%
横浜市 新羽営業所
31%
横浜市 青葉台営業所
31%
世田谷区 淡島
30%
世田谷区 若林折返所
30%
川崎市 新城駅前
30%
横浜市 東山田営業所
30%
横浜市 桐蔭学園前
30%
横浜市 日体大
30%
世田谷区 新代田駅前
29%
世田谷区 世田谷区民会館
29%
世田谷区 三軒茶屋駅
29%
川崎市 蟹ヶ谷
29%
品川区 大崎駅西口
28%
品川区 荏原営業所
28%
大田区 洗足池
28%
世田谷区 梅ヶ丘駅
28%
世田谷区 瀬田営業所
28%
品川区 大森操車場
27%
横浜市 あざみ野ガーデンズ
27%
世田谷区 上町駅
26%
世田谷区 下馬営業所
26%
横浜市 すすき野団地
26%
横浜市 若葉台中央
26%
目黒区 洗足駅
25%
目黒区 大岡山小学校前
25%
品川区 西大井駅
25%
大田区 池上駅前
25%
世田谷区 砧本村
25%
川崎市 高津駅前
25%
川崎市 野川
25%
目黒区 都立大学駅北口
24%
川崎市 向ヶ丘遊園駅南口
24%
大田区 六郷土手
23%
川崎市 中原駅前
23%
川崎市 新川崎交通広場
23%
横浜市 道中坂下
23%
横浜市 新羽駅前
23%
川崎市 柿生駅北口
22%
川崎市 柿生駅前
22%
川崎市 野川台
22%
目黒区 東京医療センター
21%
世田谷区 等々力操車所
21%
横浜市 日吉駅東口
21%
世田谷区 三宿
20%
世田谷区 駒沢大学駅前
20%
川崎市 横須賀線小杉駅
20%
横浜市 サンヴァリエ日吉
20%
横浜市 高田町
20%
横浜市 さくらが丘
20%
世田谷区 成城学園前駅西口
19%
横浜市 勝田折返所
19%
横浜市 鉄町
19%
横浜市 あかね台
19%
横浜市 鴨志田団地
18%
横浜市 奈良北団地折返場
18%
世田谷区 桜小学校
17%
川崎市 野川台公園
17%
横浜市 美しが丘西
17%
品川区 荏原町駅入口
16%
大田区 池上警察署
16%
川崎市 宮前区役所前
16%
川崎市 虎の門病院分院
16%
横浜市 東山田駅入口
16%
横浜市 北山田駅
16%
世田谷区 美術館
15%
川崎市 新平瀬橋
15%
渋谷区 東北沢駅
14%
川崎市 市民ミュージアム
14%
川崎市 久末
14%
横浜市 あざみ野ガーデンズ北
14%
川崎市 東芝小向事業所
13%
川崎市 聖マリアンナ医科大学
13%
横浜市 貝の坂
13%
世田谷区 駒留
12%
川崎市 越路
12%
横浜市 すみれが丘
12%
世田谷区 成育医療研究センター
11%
世田谷区 等々力七丁目
11%
川崎市 グリーンハイツ中央
11%
世田谷区 松が丘交番前
10%
世田谷区 関東中央病院
9%
世田谷区 中町五丁目
9%
川崎市 田園調布学園大学キャンパス
9%
川崎市 キヤノン玉川事業所
8%
川崎市 市営等々力グランド
7%
川崎市 市営等々力グランド前
3%
No matching quizzes found
Score Distribution
Percent of People with Each Score
Percentile by Number Answered
Your Score History
You have not taken this quiz since the last reset